LIBRARY & INFORMATION CENTRE, KCAET, TAVANUR

ONLINE PUBLIC ACCESS CATALOGUE (OPAC)

Kathakrithinte kamuki / (Record no. 498)

MARC details
000 -LEADER
fixed length control field 00408cam a2200157ua 4500
041 ## - LANGUAGE CODE
Language code of text/sound track or separate title mal
082 ## - DEWEY DECIMAL CLASSIFICATION NUMBER
Classification number 894.812 308
Item number KOT/KA
100 ## - MAIN ENTRY--AUTHOR NAME
Personal name Kottavila, .
245 ## - TITLE STATEMENT
Title Kathakrithinte kamuki /
260 ## - PUBLICATION, DISTRIBUTION, ETC. (IMPRINT)
Place of publication Kollam :
Name of publisher Sree Ramavilasam Press & Book Depot ,
Year of publication 1959.
300 ## - PHYSICAL DESCRIPTION
Number of Pages 107 ; .
650 ## - SUBJECT ADDED ENTRY--TOPICAL TERM
Topical Term Fiction - Malayalam
942 ## - ADDED ENTRY ELEMENTS (KOHA)
Koha item type Books
Holdings
Withdrawn status Lost status Damaged status Home library Current library Date acquired Full call number Accession Number Koha item type
Withdrawn     KAUAET Sanskrit University 07/04/2012 894.812 308 1147 Books
free website counter